Test Wiedzy z Wiedźmin III Dziki Gon - Statystyki

Ogólne statystyki
  • Ten quiz został rozwiązany 2 539 razy
  • Średni wynik to 14 z 24
Statystyki odpowiedzi
Odpowiedź % Poprawnych
Ma swoją siedzibę w małej miejscowości zwanej Wrońce. Swój przydomek zyskał z uwagi na agresywne usposobienie i brutalność Krwawy Baron
94%
Poeta, trubadur, bard oraz najbliższy przyjaciel Geralta Jaskier
85%
Król Redanii, cechuje go brak cierpliwości oraz ogromna ambicja. Bywa bardzo brutalny Radowid
80%
Najsławniejsza z wiedźmińskich prób przeprowadzanych na młodych chłopcach, mająca na celu dać wiedźminowi jego nadludzkie zdolności i zmieniająca oczy z ludzkich w kocie Próba Traw
78%
Zamożna wieś słynąca z hodowli drzew owocowych, których korony na wiosnę okrywają się białymi kwiatami, tutaj zaczyna się cała przygoda Biały Sad
77%
Jest najbardziej odpychającym potworem, z jakim przychodzi się mierzyć wiedźminom. Powstały z martwego, niechcianego dziecka, którego następnie nie pochowano w należyty sposób Poroniec
77%
Uboga, mało gościnna prowincja znajdująca się w północnych rubieżach Temerii. Warunki przyrodnicze są w tym miejscu wyjątkowo niesprzyjające, a region pozbawiony jest praktycznie dóbr naturalnych Velen
77%
Zaliczany do reliktów, istota zaradna i pracowita, wyświadczająca przysługi i w zamian oczekujące szacunku. Był nim Janek Bożątko
76%
Staruszek, z którym związane jest kilka misji, to on odprawiał pewien obrzęd Guślarz
76%
Szef Wywiadu Redańskiego, był on jednym z lepszych w swoim fachu, a do tego człowiekiem bardzo bystrym i oddanym swemu państwu Dijkstra
70%
Pismo pozwalające przekraczać granicę Glejt
69%
Uważany za najlepszego króla północy, cesarstwo się go obawiało dlatego zlecili zamach Foltest
68%
Czworonożny ssak, posiadający poroże i troje oczu. Posiada zdolności hipnotyczne Bies
62%
Wyspa, na której znajduje się "Mysia Wieża" Kłomnica
58%
Dziedzic tronu Wysp Skellige, może zostać królem, posiadał przydomek Krzywogęby Hjalmar
57%
Skalny troll należący do Dijkstry, pilnujący jego majątku Bart
49%
Główny nawigator Dzikiego Gonu oraz okrętu Naglfar. Były uczeń Avallac'ha. Jest skryty, enigmatyczny i pragmatyczny. Caranthir
49%
Straszny i okrutny pirat, przeklęty w wilkołaka. Uwięziony w Ogrodzie Freyi. Morkvarg
46%
Wyspa archipelagu Skellige. Położona na wschód od An Skellig, posiadała strome klify Undvik
36%
Potężny, prastary potwór, obecnie rzadszy niż smoki. Z wyglądu przypomina człowieka – tyle że sinego z zimna i wyższego niż drzewo. Mimo że jest istotą rozumną, wszelkie próby komunikacji z nim kończą się jednako – szybką i bolesną śmiercią. Lodowy Gigant
35%
Stalowy miecz, który Geralt dostał od Cracha an Craite Ostrze Zimy
35%
Cesarz Nilfgaardu, następca Emhyra var Emreisa Morvran Voorhis
25%
Młody chłopiec mieszkający we wsi Podgaje, posiada kartę Vernona Rocha Hadko
23%
Twierdza od wiek wieków będąca w posiadaniu klanu Drummond i stanowiąca jego rodową siedzibę, lata świetności ma już za sobą. Kaer Muire
13%
Nie znaleziono quizów pasujących do podanych kryteriów
Rozkład punktacji
Procent ludzi z każdym wynikiem
Percentyl według liczby udzielonych odpowiedzi
Twoja historia wyników
Nie rozwiązałeś tego quizu